| 000 | 00416nam a22001457a 4500 | ||
|---|---|---|---|
| 999 |
_c15602 _d15602 |
||
| 003 | OSt | ||
| 008 | 190517b ||||| |||| 00| 0 eng d | ||
| 020 | _a9789384337179 | ||
| 082 |
_a631.1 _bUJJ/QU |
||
| 100 |
_aUjjwal. P.S _aSweta Singh _aSingh .B.R _94083 |
||
| 245 | _aQuestion Bank on Agricultural Engineering. (First Edition) | ||
| 260 |
_aDelhi _bNarendra Publishing House _c2014 |
||
| 300 | _a571 p. | ||
| 942 | _cBK | ||